000 00226 a2200085 4500
001 62538
090 _c37182
_d37182
245 _aUntold tales of Pakistan Air Force; a glimpse of life in the PAF
260 _aIslamabad
_bPAF Book club
_c2007
942 _aNUST-CAE
999 _c297611
_d297611